| 000 | 00000nam 2200000za 4500 |
| 001 | 9.816708 |
| 003 | CaOODSP |
| 005 | 20221107142317 |
| 007 | cr ||||||||||| |
| 008 | 160503s2016||||onc|||||o f00| 0 fre d |
| 040 | |aCaOODSP|bfre |
| 043 | |an-cn--- |
| 086 | 1 |aNS3-55/2016F-PDF |
| 245 | 00|aInstauration d'une culture de découverte scientifique et d'innovation |h[ressource électronique]. |
| 260 | |aOttawa : |bConseil de recherches en sciences naturelles et en génie du Canada, |c2016. |
| 300 | |a4 p. |
| 500 | |a«Le 23 juin 2014.» |
| 500 | |aPubl. aussi en anglais sous le titre : Building a culture of scientific discovery and innovation. |
| 710 | 2 |aConseil de recherches en sciences naturelles et en génie du Canada. |
| 775 | 08|tBuilding a culture of scientific discovery and innovation |w(CaOODSP)9.816707 |
| 856 | 40|qPDF|s3.42 Mo|uhttps://publications.gc.ca/collections/collection_2016/rsgc-serc/NS3-55-2016-fra.pdf |